00547 2200169 4500001002100000008004100021035002000062245009700082100001500179260005000194300002600244020002200270084001600292082001000308650004600318990001300364INLIS000000000000258 ind  a0010-0120000258 aMembangun Akidah dan Akhlak 3buntuk Kelas IX Madrasah TsanawiyahcT. Ibrahim dan H. Darsono aIbrahim, T aSolo :bTiga Serangkai Pustaka Mandiri,c2017 axii, 164 hlm.c25 cm. a978-602-257-632-7 a2X5.1 IBR m a2X5.1 aAkidah dan Akhlak -- Studi dan Pengajaran a21900258